[Event "Chioggia op-C 11th"]
[Site "Chioggia"]
[Date "2016.10.09"]
[Round "5"]
[White "Bellemo, Nicola"]
[Black "Boscolo Meneguolo, Mattia"]
[Result "1/2-1/2"]
[WhiteElo "1392"]
[BlackElo "1419"]
[PlyCount "76"]
[EventDate "2016.10.07"]
[EventType "swiss"]
[EventRounds "5"]
[EventCountry "ITA"]
[SourceTitle "EXT 2022"]
[Source "ChessBase"]
[SourceDate "2021.10.06"]
[SourceVersion "1"]
[SourceVersionDate "2021.10.06"]
[SourceQuality "1"]

1. e4 e5 2. Nf3 Nc6 3. Bc4 Bc5 4. Nc3 Nf6 5. d3 h6 6. 0-0 0-0 7. Be3 d6 8. h3 a6 9. a3 b5 10. Ba2 Be6 11. Nd5 b4 12. Bc4 Na5 13. axb4 Nxc4 14. dxc4 Bb6 15. c5 dxc5 16. Nxb6 cxb6 17. bxc5 Nd7 18. cxb6 Nxb6 19. Qxd8 Rfxd8 20. Bxb6 Rd7 21. Rfd1 Rb8 22. Rxd7 Bxd7 23. Be3 f6 24. Rb1 Ba4 25. Ne1 Rb4 26. c4 Bb3 27. c5 Ba4 28. f3 Bc6 29. Bd2 Rb5 30. Nd3 Rb7 31. Ra1 Bb5 32. c6 Bxc6 33. Rxa6 Bb5 34. Ra3 Rd7 35. Nxe5 Rxd2 36. Ra8+ Kh7 37. Nf7 Bc4 38. Ra7 Kg8 1/2-1/2

[Event "Chioggia op-C 10th"]
[Site "Chioggia"]
[Date "2015.10.11"]
[Round "4"]
[White "Bellemo, Nicola"]
[Black "Vitale, Caterina"]
[Result "0-1"]
[WhiteElo "1440"]
[BlackElo "1440"]
[PlyCount "156"]
[EventDate "2015.10.09"]
[EventType "swiss"]
[EventRounds "5"]
[EventCountry "ITA"]
[SourceTitle "EXT 2022"]
[Source "ChessBase"]
[SourceDate "2021.10.06"]
[SourceVersion "1"]
[SourceVersionDate "2021.10.06"]
[SourceQuality "1"]

1. e4 e5 2. Nf3 Nc6 3. Nc3 Bc5 4. Bc4 Nf6 5. d3 h6 6. a3 d6 7. h3 0-0 8. 0-0 Nd4 9. Be3 Nxf3+ 10. Qxf3 Qe7 11. b4 Bxe3 12. Qxe3 Be6 13. Qf3 Bxc4 14. dxc4 a5 15. Nd5 Nxd5 16. exd5 axb4 17. a4 c6 18. Qb3 cxd5 19. Qxb4 dxc4 20. Qxc4 Rfc8 21. Qe4 Qd7 22. a5 Qc7 23. a6 bxa6 24. Rab1 Rcb8 25. Rfc1 Rxb1 26. Qxa8+ Qb8 27. Qxb8+ Rxb8 28. Kh2 Ra8 29. Rb1 d5 30. Ra1 Rc8 31. Ra2 d4 32. g3 e4 33. Kg2 d3 34. cxd3 exd3 35. Rd2 Rd8 36. f4 a5 37. h4 a4 38. g4 Rd5 39. f5 g6 40. fxg6 fxg6 41. Kf2 a3 42. Ke1 g5 43. h5 Rd4 44. Kd1 Rxg4 45. Rxd3 a2 46. Ra3 Rh4 47. Ra8+ Kg7 48. Ra7+ Kf6 49. Ra6+ Kf5 50. Rxa2 Rxh5 51. Ra5+ Kg4 52. Ra4+ Kg3 53. Ra3+ Kh4 54. Ra4+ g4 55. Ke1 Rf5 56. Ra6 h5 57. Ra4 Kh3 58. Ra3+ g3 59. Ke2 Kh2 60. Ke3 Rf7 61. Ra1 g2 62. Ke4 Rf1 63. Rxf1 gxf1Q 64. Ke5 Kg3 65. Kd4 Qe1 66. Kd5 Kf4 67. Kd4 Qe4+ 68. Kc5 Qd3 69. Kc6 Ke5 70. Kc7 Ke6 71. Kc6 Qd6+ 72. Kb5 Qc7 73. Kb4 Kd5 74. Kb3 Kd4 75. Kb2 Kd3 76. Kb3 Qb7+ 77. Ka4 Kc4 78. Ka3 Qb3# 0-1